书目信息 |
| 题名: |
建筑平面:城市景观细部
|
|
| 作者: | 切沃 著 | |
| 分册: | ||
| 出版信息: | 上海 上海科学技术出版社 2000.08 |
|
| 页数: | 106页 | |
| 开本: | 12开 | |
| 丛书名: | ||
| 单 册: | ||
| 中图分类: | TU204-64 | |
| 科图分类: | ||
| 主题词: | 建筑设计 | |
| 电子资源: | ||
| ISBN: | 7-5323-5001-0 | |
| 000 | 00599nam0 2200193 45 | |
| 001 | 0012121527 | |
| 005 | 20010413085751.6 | |
| 010 | @a7-5323-5001-0@d48.00元 | |
| 100 | @a20001212d2000 km y0chiy0120 ea | |
| 101 | 0 | @achi |
| 105 | @a z 000yy | |
| 200 | 1 | @a建筑平面:城市景观细部@AJian Zhu Ping Mian:Cheng Shi Jing Guan Xi Bu@f(美)切沃著;甘海星译@F(Mei)Qie Wo Zhu;Gan Hai Xing Yi |
| 210 | @a上海@c上海科学技术出版社@d2000.08 | |
| 215 | @a106页@d12开 | |
| 606 | 0 | @a建筑设计 |
| 690 | @aTU204-64@v3 | |
| 701 | 0 | @a切沃@4著 |
| 801 | @aCN@bPftUser@c20001212 | |
| 905 | @dTU204-64@eQ.047@b338166-168@f3 | |
| 建筑平面:城市景观细部/(美)切沃著;甘海星译.-上海:上海科学技术出版社,2000.08 |
| 106页;12开 |
| ISBN 7-5323-5001-0:48.00元 |
| ● |
| 相关链接 |
|
|
|
正题名:建筑平面:城市景观细部
索取号:TU204-64/Q.047
 
预约/预借
| 序号 | 登录号 | 条形码 | 馆藏地/架位号 | 状态 | 备注 |
| 1 | 338166 | 203381660 | 建筑库101/101建筑库 110排7列4层/ [索取号:TU204-64/Q.047] | 在馆 | |
| 2 | 338167 | 203381679 | 自科二线404/404自科库 28排5列1层/ [索取号:TU204-64/Q.047] | 在馆 | |
| 3 | 338168 | 203381688 | 自科二线404/404自科库 28排5列1层/ [索取号:TU204-64/Q.047] | 在馆 |